| 000 | 01002dac a22003011u 4500 | ||
|---|---|---|---|
| 003 | EG-ScBUE | ||
| 005 | 20221101143042.0 | ||
| 008 | 170302s1999 vraae f b 001 0 eng d | ||
| 020 | _a1864700521 | ||
| 020 | _a9781864700527 | ||
| 040 |
_aEG-ScBUE _beng _erda _cEG-ScBUE _dEG-ScBUE |
||
| 043 | _an-us--- | ||
| 082 | 0 | 4 |
_a720.973 _222 _bHER |
| 245 | 0 | 0 |
_aHerbert S Newman and Partners : _bselected and current works. |
| 264 |
_aMulgrave, Victoria : _bImages Publishing Group Ltd, _c1999. |
||
| 300 |
_a256 pages : _bcolor illustrations, plans ; _c31 cm. |
||
| 336 |
_2rdacontent _atext _btxt |
||
| 337 |
_2rdamedia _aunmediated _bn |
||
| 338 |
_2rdacarrier _avolume _bnc |
||
| 490 | 0 |
_aMaster architect series _x1320-7253 _v4 |
|
| 504 | _aIncludes bibliographical references and index. | ||
| 610 | 2 | 7 |
_aHerbert S. Newman and Partners, P.C. _2BUEsh |
| 650 | 7 |
_aArchitecture _zUnited States _y20th century. _2BUEsh |
|
| 651 | _2BUEsh | ||
| 653 | _bENGARC | ||
| 655 | _vReading book | ||
| 942 |
_cBB _2ddc |
||
| 999 |
_c3545 _d3545 |
||